Miguel Méndez. (Record no. 14086)

MARC details
000 -LEADER
campo de control de longitud fija 00725nam a2200205 i 4500
001 - NÚMERO DE CONTROL
campo de control 14086
003 - IDENTIFICADOR DE NÚMERO DE CONTROL
campo de control ES-MaACL
005 - FECHA Y HORA DE LA ÚLTIMA TRANSACCIÓN
campo de control 20251118162035.0
007 - CAMPO FIJO DE DESCRIPCIÓN FÍSICA--INFORMACIÓN GENERAL
campo de control de longitud fija t|
008 - DATOS DE LONGITUD FIJA--INFORMACIÓN GENERAL
campo de control de longitud fija 980928s1981 xxu |||| |dspa d
080 ## - NÚMERO DE LA CLASIFICACIÓN DECIMAL UNIVERSAL
Número de la Clasificación Decimal Universal 821.134.2(73=1.72) Méndez, Miguel 1.06
245 00 - MENCIÓN DEL TÍTULO
Título Miguel Méndez.
260 ## - PUBLICACIÓN, DISTRIBUCIÓN, ETC.
Lugar de publicación, distribución, etc. Tempe, Arizona :
Nombre del editor, distribuidor, etc. La Palabra,
Fecha de publicación, distribución, etc. 1981.
300 ## - DESCRIPCIÓN FÍSICA
Extensión VII, 147 p. ;
Dimensiones 22 cm.
500 ## - NOTA GENERAL
Nota general Número doble de La Palabra: revista de literatura chicana, v. 3 / Primavera & Otoño 1981 / n. 1&2 dedicados a Miguel Méndez.
600 14 - PUNTO DE ACCESO ADICIONAL DE MATERIA--NOMBRE DE PERSONA
Nombre de persona Méndez, Miguel,
Fechas asociadas al nombre 1930-
9 (RLIN) 80130
700 1# - ENTRADA AGREGADA--NOMBRE PERSONAL
Nombre de persona Méndez, Miguel,
Fechas asociadas al nombre 1930-
9 (RLIN) 80130
852 ## - LOCALIZACIÓN
Ubicación ES-MaACL
Número de control de estantería L-21399
Nota libre . - Dedicatoria autógrafa de Miguel Méndez
Holdings
Estatus retirado Estado de pérdida Estado de daño No para préstamo Biblioteca de origen Biblioteca actual Ubicación en estantería Fecha de adquisición Fuente de adquisición Total de préstamos Signatura topográfica completa Código de barras Visto por última vez Precio de reemplazo Tipo de ítem Koha
        Biblioteca del Ateneo de Madrid Biblioteca del Ateneo de Madrid Depósito 2 17/01/2008     L-21399 1014331 23/02/2023 23/02/2023 Libro impreso